000 00589nam a2200205Ia 4500
003 GCL
008 140319s9999 xx 000 0 ara d
040 _aGCL /
_cGCL
082 0 4 _a920.71
_bف ف
100 1 _aفتحى سعد
245 1 0 _aفى بلاط الصحافة والادب /
_cفتحى سعد
260 _aالقاهرة :
_bدار المعارف ،
_c1985
300 _a190 ص
490 _aاقرأ
_v518
650 0 4 _aالادب العربى
650 0 4 _aالصحافة
650 0 4 _aالمذكرات الادبية
650 0 4 _aسيد درويش
942 _2ddc
_cBK
999 _c50198
_d50198